Регионална библиотека "Любен Каравелов" - Русе

Енергията (Запис номер 323595)

MARC детайли
000 -Лидер
Контролно поле с фиксирана дължина 01395naa a2200313 a 4500
003 - Код на организацията, давaща контролен номер
Контролно поле BLK
005 - Дата и час на последна редакция
Контролно поле 20250510120813.0
008 - Елементи от данни с фиксирана дължина
fixed length control field 180807b bul||||| |||| 00| 0 bul d
020 ## - Международен стандартен номер на книга ISBN
Международен стандартен номер на книга ISBN 978-619-199-241-6
020 ## - Международен стандартен номер на книга ISBN
Международен стандартен номер на книга ISBN 3800083822127
040 ## - Източник на каталожния запис
Идентификатор на билиотеката - собственик на записа BLK
041 ## - Код за език
Код за езика на текст/звукозапис или на отделно заглавие Български
Код за езика КДБФ Български
080 ## - УДК
Текстов определител УДК Източници на енергия
УДК код - определител по УДК 620.91
УДК - код + определител 620.91:087.5
100 ## - Редна дума - Автор
Автор Джеймс, Алис
Авторска отговорност първи автор
R(LIN) 1299
139 ## - Редно поле
Редна дума Джеймс, Алис
Авторски знак Дже - Д 50
245 ## - Сведения за заглавието
Заглавие Енергията
Подзаглавни данни Разгледайте отвътре! : енциклопедия с капачета
Редно поле (дума) Алис Джеймс ; ил. Питър Алън ; прев. Антон Татаров
260 ## - Област на издателските данни
Място на издаване, разпространение и проч. София
Име на издателя, разпространителя и проч. Фют
Година на издаване 2018
Печатница (отпеч. в Китай)
300 ## - Физическа характеристика
Страници 16 с.
Размери/Мащаб 28 см
380 ## - Жанр
Жанр Детска отраслова лит.
500 ## - Общи забележки
Забележка Кор. опис. - Ориг. загл.: Energy / Alice James. - Кн. отпеч. на ламиниран картон
650 #0 - Допълнително описание по предмет – тема
9 (RLIN) 307329
Основно описание – тема или топоним Енергия - енциклопедии
653 #7 - Ключова дума – ненормативна
9 (RLIN) 186314
Ключова дума енергийни ресурси
653 #7 - Ключова дума – ненормативна
9 (RLIN) 184826
Ключова дума детска литература
700 ## - Други автори (авторска отговорност)
9 (RLIN) 599
Лично име Смит, Питър Алън
Автороска отговорност (Описва отношението между автора и произведението) ил.
700 ## - Други автори (авторска отговорност)
9 (RLIN) 382674
Лично име Татаров, Антон Златаров
Автороска отговорност (Описва отношението между автора и произведението) прев. от англ.
852 ## - Местоположение
Фондова буква Детски отдел
Систематично-азбучна сигнатура 62/Д 50
999 ## - СИСТЕМНИ КОНТРОЛНИ НОМЕРА
Koha biblionumber 323595
Koha biblioitemnumber 323595
942 ## - АРТИКУЛИ
Вид на библиотечния материал Книги
Източник на класификационната схема Universal Decimal Classification
Скрит в OPAC Не
Koha issues (borrowed), all copies 28
Периодичен библиозапис Да
944 ## - СЪЗДАВАНЕ И РЕДАКЦИЯ на ЗАПИСА
Създаване/Редакция Редакция
Дата на регистрацията/редакция 2021-11-12
Служител, извършил регистрацията/редакцията 30564
Статус, дата на статуса Анна Гръцманова
Наличности
Код за отписване Код за изгубен артикул Източник на класификационната схема Код за повреда Коз за рестрикции Код за отдаване Артикулен № Име на библиотеката - собственик Име на библиотеката, в която се намира в момента Статус (Текущо местоположение) Дата на вписване в системата Местоположение - отдел Цена в лева Инвентарен номер Систематично азбучна сигнатура Баркод Цена в евро Служебен тип на артикула
  Не е изгубен Universal Decimal Classification Не е повреден без рестрикции заемане за дома 678759 Регионална библиотека "Любен Каравелов" Русе Регионална библиотека "Любен Каравелов" Русе Детски отдел 2018-08-02 Детски отдел 14.32 120000822135 ДН 62/Д 50 120000822135 7.32 Книги
  Не е изгубен Universal Decimal Classification Не е повреден без рестрикции заемане за дома 861996 Регионална библиотека "Любен Каравелов" Русе Регионална библиотека "Любен Каравелов" Русе Детски отдел 2021-11-16 Детски отдел 14.18   62/Д 50 А 120000862484 7.25 Книги
  Не е изгубен Universal Decimal Classification Не е повреден без рестрикции заемане за дома 861997 Регионална библиотека "Любен Каравелов" Русе Регионална библиотека "Любен Каравелов" Русе Детски отдел 2021-11-16 Детски отдел 14.18   62/Д 50 А 120000862485 7.25 Книги
Vip Innovations Ltd, Rousse, Bulgaria 2025